| 000 | 00692nab a2200217u 4500 | ||
|---|---|---|---|
| 001 | 21266 | ||
| 003 | HDC | ||
| 007 | c| |||a|c|aaaa | ||
| 008 | 210305b20100110my ||||o |||| 00| 0 eng d | ||
| 040 | _aHDC | ||
| 245 | 0 | _aCapture halal food market, urges Mukhriz | |
| 336 |
_atext _2rdacontent |
||
| 337 |
_acomputer _2rdamedia |
||
| 338 |
_aonline resource _2rdacarrier |
||
| 650 |
_ahalal food industries _95336 |
||
| 650 |
_ahalal food market _92149 |
||
| 856 | _zRequest full-text at [email protected] | ||
| 942 | _2lcc | ||
| 942 | _cNEWS | ||
| 942 | _kNWS0 004913 | ||
| 999 |
_c18582 _d18582 |
||